00974nam a22002057a 4500003001700000005001700017008004100034020001800075040000700093041001200100082001600112100001700128245001200145260003600157300002700193365006200220520044000282650002300722700002300745St Aloysius Coll20260122143723.0260119b |||||||| |||| 00| 0 eng d a9781529447774 cAL aEnglish a793.7bMOOP aGareth Moore aPurrdle aGreat BritainbGreenfinchc2025 a207p.bPBc19.5x12.7cm 2Generala5468b₹399.00c₹d₹499.00e20%f10/01/2026 aFollowing the international success of Meowdle comes Purrdle. 75 feline crime puzzles with more grit and even sharper claws. This book is packed with a variety of engaging brainteasers, each inspired by the playful antics and cleverness of our beloved feline friends. Perfect for fans of Meowdle, cat lovers and puzzle enthusiasts alike, this book promises hours of fun and intrigue in the company of some of the craftiest cats around. 2Indoor GamesaArts aAyres, Laura Jayne